Sử dụng phổ hấp thụ từ các Quasar xác định sự thay đổi của hằng số đẹp Alpha : Luận văn thạc sĩ chuyên ngành Vật lý lý thuyết và vật lý toán
Đề tài giới thiệu sơ lược các phương pháp xác định sự thay đổi alpha sử dụng các dữ liệu địa chất, mối quan hệ giữa hằng số đẹp alpha và phổ của nguyên tử,kết quả tính toán delta alpha/alpha dựa vào số liệu thu được từ phổ hấp th...
Na minha lista:
| Autor principal: | |
|---|---|
| Formato: | Livro |
| Idioma: | Undetermined |
| Publicado em: |
Cần Thơ
Đại học Cần Thơ
2010
|
| Assuntos: | |
| Tags: |
Adicionar Tag
Sem tags, seja o primeiro a adicionar uma tag!
|
| Thư viện lưu trữ: | Trung tâm Học liệu Trường Đại học Cần Thơ |
|---|
| LEADER | 01241nam a2200217Ia 4500 | ||
|---|---|---|---|
| 001 | CTU_162446 | ||
| 008 | 210402s9999 xx 000 0 und d | ||
| 082 | |a 523.01 | ||
| 082 | |b H502 | ||
| 088 | |a 604401 | ||
| 100 | |a Đào, Hoàng Huân | ||
| 245 | 0 | |a Sử dụng phổ hấp thụ từ các Quasar xác định sự thay đổi của hằng số đẹp Alpha : | |
| 245 | 0 | |b Luận văn thạc sĩ chuyên ngành Vật lý lý thuyết và vật lý toán | |
| 245 | 0 | |c Đào Hoàng Huân ; Trần Văn Hùng (Hướng dẫn khoa học) | |
| 260 | |a Cần Thơ | ||
| 260 | |b Đại học Cần Thơ | ||
| 260 | |c 2010 | ||
| 520 | |a Đề tài giới thiệu sơ lược các phương pháp xác định sự thay đổi alpha sử dụng các dữ liệu địa chất, mối quan hệ giữa hằng số đẹp alpha và phổ của nguyên tử,kết quả tính toán delta alpha/alpha dựa vào số liệu thu được từ phổ hấp thụ của các Quasar. | ||
| 650 | |a Thiên văn học,Astronomy | ||
| 904 | |i Ngọc Quyền, Hải | ||
| 980 | |a Trung tâm Học liệu Trường Đại học Cần Thơ | ||